[Event "British Chess Championships 2023: "]
[Site "The Venue, De Montfort University, 20 Western Boulevard, Leicester, LE2 7BU"]
[Date "2023.07.24"]
[Round "1"]
[Board "1"]
[White "Nargund, Sujan"]
[Black "Foreman, Brian A"]
[Result "0-1"]
[WhiteElo "1564"]
[BlackElo "1744"]
[PlyCount "166"]
[EventDate "2023.07.24"]
[EventRounds "6"]
[EventCountry "ENG"]

1. e4 c6 2. d4 d5 3. e5 Bf5 4. h4 h5 5. Bd3 Bxd3 6. Qxd3 e6 7. Bg5 Qb6 8. Nd2 Qa6
9. Qxa6 Nxa6 10. c3 c5 11. Ndf3 Ne7 12. Bxe7 Bxe7 13. Ne2 O-O 14. O-O cxd4 15. cxd4
Nb4 16. a3 Nc6 17. Nf4 g6 18. Rfd1 Rfc8 19. Kf1 Na5 20. b4 Nc4 21. Nd2 Nxd2+ 22.
Rxd2 Bxh4 23. g3 Bg5 24. Ke2 Bxf4 25. gxf4 Rc3 26. Rd3 Rac8 27. f3 Kf8 28. a4 Rc2+
29. Ke3 Rb2 30. b5 Rcc2 31. Re1 Ra2 32. Rb3 Rxa4 33. Kd3 Rcc4 34. b6 a6 35. Rc3 Rxd4+
36. Ke3 Rdc4 37. Rxc4 Rxc4 38. Rb1 Ke7 39. Rb3 Kd7 40. Rb2 Rc5 41. Kd4 Rb5 42. Rh2
Rxb6 43. f5 Rc6 44. fxg6 Rc4+ 45. Ke3 fxg6 46. Rg2 Rc8 47. Rxg6 Re8 48. Rh6 b5 49.
Rxh5 a5 50. Rh1 a4 51. Rb1 Kc6 52. Kd4 Rf8 53. Kc3 Rf5 54. f4 Rh5 55. Kd4 Rh4 56.
Ke3 Rh3+ 57. Kf2 Rb3 58. Rc1+ Kb7 59. f5 exf5 60. e6 Rh3 61. Rc5 Kb6 62. Rxd5 Rh7
63. Rxf5 Re7 64. Re5 a3 65. Re1 b4 66. Rb1 Kb5 67. Ke2 Rxe6+ 68. Kd2 Rc6 69. Ra1
Ka4 70. Kd3 b3 71. Rf1 b2 72. Rf4+ Kb3 73. Rf1 Rc1 74. Rf7 b1=Q+ 75. Kd2 Rd1+ 76.
Ke3 Re1+ 77. Kd4 Qe4+ 78. Kc5 Qc4+ 79. Kd6 Qxf7 80. Kc5 Qc4+ 81. Kd6 Re6+ 82. Kd7
Qc6+ 83. Kd8 Re8#  0-1

[Event "British Chess Championships 2023: PM Tournament U1750"]
[Site "The Venue, De Montfort University, 20 Western Boulevard, Leicester, LE2 7BU"]
[Date "2023.07.24"]
[Round "1"]
[Board "2"]
[White "Sugden, Freddie"]
[Black "Jones, Michael R"]
[Result "1-0"]
[WhiteElo "1700"]
[BlackElo "1556"]
[PlyCount "71"]
[EventDate "2023.07.24"]
[EventRounds "6"]
[EventCountry "ENG"]

1. e4 d6 2. d4 Nf6 3. Bd3 e5 4. d5 Be7 5. Nc3 O-O 6. f4 exf4 7. Bxf4 Nbd7 8. Nf3
Re8 9. Qd2 Bf8 10. O-O-O Ne5 11. h3 a6 12. Rdf1 b5 13. g4 Bb7 14. g5 Nfd7 15. h4
Nc5 16. Nd4 b4 17. Nd1 Nexd3+ 18. cxd3 a5 19. h5 Nxe4 20. dxe4 Rxe4 21. Nf2 Rxf4
22. Qxf4 Bxd5 23. Rh2 c5 24. Nf5 Ra7 25. g6 f6 26. gxh7+ Kh8 27. h6 g5 28. Qe3 Rxh7
29. Rd1 Bxa2 30. Ne4 d5 31. b3 Qd7 32. Ng7 Bxb3 33. Qxb3 Bxg7 34. Rxd5 Qe8 35. hxg7+
Kxg7 36. Rxh7+  1-0

[Event "British Chess Championships 2023: PM Tournament U1750"]
[Site "The Venue, De Montfort University, 20 Western Boulevard, Leicester, LE2 7BU"]
[Date "2023.07.24"]
[Round "1"]
[Board "3"]
[White "Joseph, Tomy"]
[Black "Li, Xiaofan"]
[Result "0-1"]
[WhiteElo "1549"]
[BlackElo "1673"]
[PlyCount "104"]
[EventDate "2023.07.24"]
[EventRounds "6"]
[EventCountry "ENG"]

1. e4 c6 2. d4 d5 3. Nc3 dxe4 4. Nxe4 Nf6 5. Ng3 e5 6. c3 exd4 7. cxd4 Bb4+ 8. Bd2
Qxd4 9. Nf3 Bxd2+ 10. Qxd2 Qxd2+ 11. Nxd2 O-O 12. Be2 Be6 13. O-O Nbd7 14. Bc4 Rfe8
15. Rfe1 Nc5 16. Bxe6 Nxe6 17. Nde4 Nxe4 18. Nxe4 Rad8 19. Rad1 Kf8 20. Nd6 Re7 21.
Re2 g6 22. Red2 Red7 23. Ne4 Rxd2 24. Rxd2 Rxd2 25. Nxd2 Ke7 26. g3 Kd6 27. Nb3 c5
28. f3 Nd4 29. Nd2 f5 30. Kf2 b5 31. f4 Kd5 32. a3 a5 33. Ke3 c4 34. Nb1 b4 35. h3
Nc2+ 36. Kd2 Na1 37. axb4 axb4 38. Ke3 Nb3 39. h4 Nc5 40. Nd2 Ne4 41. Nf1 Nf6 42.
Nd2 Ng4+ 43. Ke2 Kd4 44. Nf3+ Kd5 45. Ng5 Nf6 46. Nf3 b3 47. Nd2 Ne4 48. Nf1 Kd4
49. Kd1 Kd3 50. Kc1 c3 51. bxc3 Kxc3 52. Ne3 b2+  0-1

[Event "British Chess Championships 2023: PM Tournament U1750"]
[Site "The Venue, De Montfort University, 20 Western Boulevard, Leicester, LE2 7BU"]
[Date "2023.07.24"]
[Round "1"]
[Board "4"]
[White "Crompton, Robert"]
[Black "Cuthbert, Larissa"]
[Result "0-1"]
[WhiteElo "1662"]
[BlackElo "1542"]
[PlyCount "76"]
[EventDate "2023.07.24"]
[EventRounds "6"]
[EventCountry "ENG"]

1. e4 e6 2. d4 d5 3. Nc3 Bb4 4. e5 c5 5. a3 Bxc3+ 6. bxc3 Ne7 7. Qg4 cxd4 8. Qxg7
Rg8 9. Qxh7 Qc7 10. Ne2 Nbc6 11. f4 dxc3 12. h4 b6 13. h5 Ba6 14. h6 Kd7 15. Qxf7
Bxe2 16. h7 Nd4 17. hxg8=Q Rxg8 18. Qxe7+ Kxe7 19. Rh7+ Kd8 20. Rxc7 Kxc7 21. Ra2
Bxf1 22. Kxf1 Nf5 23. Kf2 b5 24. a4 b4 25. a5 Kc6 26. Kg1 a6 27. Kh2 Rg4 28. Ba3
Rxf4 29. Bc1 Rf2 30. Bg5 Kb5 31. Kg1 Re2 32. g4 Nd4 33. Kf1 Re4 34. Bh6 Rxg4 35.
Bf8 Rf4+ 36. Ke1 Rxf8 37. Ra4 Kxa4 38. Kd1 Rf1#  0-1

[Event "British Chess Championships 2023: PM Tournament U1750"]
[Site "The Venue, De Montfort University, 20 Western Boulevard, Leicester, LE2 7BU"]
[Date "2023.07.24"]
[Round "1"]
[Board "5"]
[White "Tomy, Jake"]
[Black "Kumar, Arnav"]
[Result "1-0"]
[WhiteElo "1540"]
[BlackElo "1649"]
[PlyCount "47"]
[EventDate "2023.07.24"]
[EventRounds "6"]
[EventCountry "ENG"]

1. e4 e5 2. Nf3 Nc6 3. d4 exd4 4. Nxd4 Bc5 5. Be3 Qf6 6. c3 Nge7 7. Bc4 Bb6 8. O-O
O-O 9. Re1 Ne5 10. Bb3 d6 11. Nb5 Bd7 12. Bxb6 Bxb5 13. Bxc7 Rac8 14. Qxd6 Qxd6 15.
Bxd6 N7g6 16. Bxe5 Nxe5 17. Nd2 Nc6 18. Nf3 Na5 19. Bd5 Bc6 20. Rad1 h6 21. Ne5 Bxd5
22. exd5 Rfd8 23. d6 Nc4 24. d7  1-0

[Event "British Chess Championships 2023: PM Tournament U1750"]
[Site "The Venue, De Montfort University, 20 Western Boulevard, Leicester, LE2 7BU"]
[Date "2023.07.24"]
[Round "1"]
[Board "6"]
[White "Homer, Neil S"]
[Black "Flint, James"]
[Result "1-0"]
[WhiteElo "1648"]
[BlackElo "1534"]
[PlyCount "157"]
[EventDate "2023.07.24"]
[EventRounds "6"]
[EventCountry "ENG"]

1. e4 c5 2. Nc3 g6 3. f4 Nc6 4. Nf3 Bg7 5. Bb5 Nd4 6. O-O Nxb5 7. Nxb5 d5 8. exd5
a6 9. Nc3 Nf6 10. Kh1 O-O 11. Qe1 Nxd5 12. Nxd5 Qxd5 13. d3 Bd7 14. Qe4 Bc6 15. Qxd5
Bxd5 16. Re1 Rfe8 17. Ne5 Rac8 18. b3 f6 19. Nc4 Bxc4 20. bxc4 e5 21. fxe5 fxe5 22.
Bb2 Rc7 23. Re4 Rf7 24. Kg1 Rf4 25. Rae1 Rxe4 26. Rxe4 Kf7 27. Kf2 Ke6 28. a4 Rf8+
29. Ke2 h5 30. h3 b5 31. cxb5 axb5 32. axb5 Rh8 33. c4 Ra8 34. Kd2 g5 35. Kc2 Rf8
36. Re2 g4 37. hxg4 hxg4 38. Bc3 g3 39. Be1 Ra8 40. Kb3 Rd8 41. Re3 Bh6 42. Rxg3
Kf5 43. Rf3+ Ke6 44. Bh4 Rh8 45. Rf6+ Kd7 46. g3 Bc1 47. Rc6 Be3 48. Bf6 Re8 49.
g4 e4 50. dxe4 Rxe4 51. g5 Rg4 52. Kc3 Bxg5 53. Bxg5 Rxg5 54. Kd3 Re5 55. Rh6 Kc7
56. Rh4 Rg5 57. Ke4 Rg1 58. Rh5 Kd6 59. Rd5+ Ke7 60. Rxc5 Re1+ 61. Kd3 Rb1 62. Rc6
Kd7 63. Kd4 Rd1+ 64. Kc5 Rb1 65. Kb6 Rb2 66. Rh6 Rd2 67. c5 Kc8 68. Rh7 Rg2 69. c6
Rg8 70. Rb7 Rg6 71. Ka6 Rg1 72. Rh7 Kd8 73. Kb7 Rc1 74. c7+ Rxc7+ 75. Rxc7 Ke8 76.
Kc6 Kd8 77. b6 Ke8 78. b7 Kd8 79. b8=Q#  1-0

[Event "British Chess Championships 2023: PM Tournament U1750"]
[Site "The Venue, De Montfort University, 20 Western Boulevard, Leicester, LE2 7BU"]
[Date "2023.07.24"]
[Round "1"]
[Board "7"]
[White "Weersing, Nathan"]
[Black "Zigmond, Andrew"]
[Result "1-0"]
[WhiteElo "1526"]
[BlackElo "1647"]
[PlyCount "81"]
[EventDate "2023.07.24"]
[EventRounds "6"]
[EventCountry "ENG"]

1. e4 c5 2. Nf3 Nc6 3. c3 d5 4. Qc2 d4 5. Bb5 Qb6 6. Bxc6+ bxc6 7. d3 Nf6 8. Ne5
g6 9. cxd4 cxd4 10. Qxc6+ Qxc6 11. Nxc6 Ba6 12. Nb4 Rc8 13. O-O Bb5 14. a4 Bd7 15.
Bg5 Ng4 16. h3 h6 17. Bh4 g5 18. Bg3 Nf6 19. Be5 Bg7 20. Bxd4 Nh5 21. Bxg7 Nxg7 22.
Nd2 Rb8 23. Nd5 Rxb2 24. Rab1 Rxb1 25. Rxb1 O-O 26. Nxe7+ Kh7 27. a5 Re8 28. Nd5
Kg6 29. Rb7 Be6 30. Nc7 Rd8 31. Nxe6 Nxe6 32. Nc4 Nc5 33. Ne5+ Kf6 34. Ng4+ Ke6 35.
Rxa7 Rxd3 36. Nxh6 Nxe4 37. Rxf7 Ra3 38. Rf5 Ra1+ 39. Kh2 Ra2 40. f3 Nd6 41. Rxg5
 1-0

[Event "British Chess Championships 2023: PM Tournament U1750"]
[Site "The Venue, De Montfort University, 20 Western Boulevard, Leicester, LE2 7BU"]
[Date "2023.07.24"]
[Round "1"]
[Board "8"]
[White "Horlock, Peter J"]
[Black "Mccormick, Graeme S"]
[Result "0-1"]
[WhiteElo "1628"]
[BlackElo "1523"]
[PlyCount "90"]
[EventDate "2023.07.24"]
[EventRounds "6"]
[EventCountry "ENG"]

1. e4 e6 2. d4 d5 3. exd5 exd5 4. Nf3 Nf6 5. Bd3 c5 6. dxc5 Bxc5 7. Bg5 O-O 8. O-O
h6 9. Bh4 Nc6 10. Nc3 Be6 11. a3 a6 12. Qd2 b5 13. b4 Be7 14. Bxf6 Bxf6 15. Rad1
Rc8 16. Nb1 Qd7 17. h3 Rfd8 18. Qf4 Qd6 19. Qxd6 Rxd6 20. Nbd2 Ne7 21. Nb3 Bf5 22.
Bxf5 Nxf5 23. Nc5 Bb2 24. Rd3 Rc7 25. Re1 a5 26. Rb1 Bf6 27. g4 Ne7 28. Nd4 Bxd4
29. Rxd4 axb4 30. axb4 Nc6 31. Rd2 Nxb4 32. Nb7 Rxb7 33. Rxb4 f6 34. c4 Kf7 35. c5
Rc6 36. Rxd5 Ke6 37. Rf5 g6 38. Re4+ Kf7 39. Rd5 b4 40. Rd8 Re6 41. Rxe6 Kxe6 42.
Rd6+ Ke7 43. Rb6 Rxb6 44. cxb6 Kd7 45. Kf1 b3  0-1

[Event "British Chess Championships 2023: PM Tournament U1750"]
[Site "The Venue, De Montfort University, 20 Western Boulevard, Leicester, LE2 7BU"]
[Date "2023.07.24"]
[Round "1"]
[Board "9"]
[White "Fraser, Chris A"]
[Black "Veeturi, Yashvardhan"]
[Result "0-1"]
[WhiteElo "1508"]
[BlackElo "1628"]
[PlyCount "94"]
[EventDate "2023.07.24"]
[EventRounds "6"]
[EventCountry "ENG"]

1. e4 c6 2. d4 d5 3. e5 Bf5 4. h4 h5 5. Bd3 Bxd3 6. Qxd3 e6 7. Ne2 c5 8. c4 cxd4
9. Nxd4 Nc6 10. Nxc6 bxc6 11. Nd2 Be7 12. Nf3 Nh6 13. Bxh6 Rxh6 14. cxd5 cxd5 15.
Qb5+ Qd7 16. Qxd7+ Kxd7 17. O-O Rhh8 18. g3 Rhc8 19. Rac1 Rab8 20. b3 Ba3 21. Rxc8
Rxc8 22. Nd4 Bb2 23. Rd1 a6 24. Kg2 Rc1 25. Rxc1 Bxc1 26. f4 Bb2 27. Nf3 f6 28. exf6
gxf6 29. Ne1 e5 30. Nd3 Bd4 31. fxe5 fxe5 32. Nc5+ Kd6 33. Nxa6 Bc3 34. b4 Kc6 35.
a4 d4 36. Kf2 d3 37. Nb8+ Kc7 38. Na6+ Kc6 39. b5+ Kd6 40. Nb8 d2 41. Ke2 e4 42.
Nc6 Kc5 43. Ne7 Kc4 44. Ng6 Kb3 45. b6 Kc2 46. Ke3 d1=Q 47. Kxe4 Qd3+  0-1

[Event "British Chess Championships 2023: PM Tournament U1750"]
[Site "The Venue, De Montfort University, 20 Western Boulevard, Leicester, LE2 7BU"]
[Date "2023.07.24"]
[Round "1"]
[Board "10"]
[White "Horspool, Joseph"]
[Black "Yu, William"]
[Result "1-0"]
[WhiteElo "1621"]
[BlackElo "1372"]
[PlyCount "65"]
[EventDate "2023.07.24"]
[EventRounds "6"]
[EventCountry "ENG"]

1. e4 e6 2. d4 d5 3. e5 c5 4. c3 Nc6 5. Nf3 Bd7 6. Bd3 Nge7 7. O-O Ng6 8. Re1 Nh4
9. Be3 Nxf3+ 10. Qxf3 Qb6 11. Na3 cxd4 12. cxd4 Nxd4 13. Qg4 Qxb2 14. Bxd4 Qxa3 15.
Re3 Qe7 16. Rb1 Bc6 17. f4 h6 18. Rf1 Kd8 19. f5 Qg5 20. Qe2 Be7 21. Rg3 Qh4 22.
Rg4 Qh5 23. h3 f6 24. exf6 Bxf6 25. Bxf6+ gxf6 26. Rg8+ Rxg8 27. Qxh5 Kc7 28. fxe6
d4 29. g4 Rae8 30. Rxf6 Rg5 31. Qxh6 Rc5 32. Qf4+ Kb6 33. Qxd4  1-0

[Event "British Chess Championships 2023: PM Tournament U1750"]
[Site "The Venue, De Montfort University, 20 Western Boulevard, Leicester, LE2 7BU"]
[Date "2023.07.24"]
[Round "1"]
[Board "12"]
[White "Kumar, Sachin"]
[Black "Belur, Ankita"]
[Result "0-1"]
[WhiteElo "1613"]
[BlackElo "1479"]
[PlyCount "114"]
[EventDate "2023.07.24"]
[EventRounds "6"]
[EventCountry "ENG"]

1. e4 d6 2. d4 Nf6 3. Nc3 g6 4. Nf3 Bg7 5. Bd3 O-O 6. O-O Nbd7 7. Bf4 c5 8. d5 b6
9. Qd2 Re8 10. Bh6 Bh8 11. h3 Qc7 12. Bc4 a6 13. a4 Bb7 14. Rfe1 Rad8 15. Rad1 Qb8
16. Qe3 Nf8 17. Nh2 e6 18. Qf3 exd5 19. Nxd5 Nxd5 20. Bxd5 Bxd5 21. exd5 Rxe1+ 22.
Rxe1 Re8 23. Re3 Rxe3 24. Qxe3 Bxb2 25. c3 b5 26. Qf3 Nd7 27. Ng4 f5 28. Ne3 Qe8
29. axb5 axb5 30. Nd1 Ba3 31. Kf1 Qe4 32. Qxe4 fxe4 33. Ne3 b4 34. Nc4 Nf6 35. Nxd6
Nxd5 36. Nxe4 bxc3 37. Ng3 Kf7 38. Ne2 Ke6 39. Ke1 Kf5 40. Bc1 Bxc1 41. Nxc1 Ke4
42. Kd1 Nb4 43. Ke2 c4 44. h4 Nd3 45. Na2 c2 46. Kd2 c1=Q+ 47. Nxc1 Nxc1 48. Kxc1
Kd3 49. Kd1 c3 50. f4 Ke3 51. g3 Kf3 52. h5 Kxg3 53. Kc2 Kxf4 54. hxg6 hxg6 55. Kxc3
Kf3 56. Kd3 g5 57. Kd2 Kf2  0-1

[Event "British Chess Championships 2023: PM Tournament U1750"]
[Site "The Venue, De Montfort University, 20 Western Boulevard, Leicester, LE2 7BU"]
[Date "2023.07.24"]
[Round "1"]
[Board "13"]
[White "Brown, Chris"]
[Black "Morris, Simon"]
[Result "0-1"]
[WhiteElo "1477"]
[BlackElo "1604"]
[PlyCount "86"]
[EventDate "2023.07.24"]
[EventRounds "6"]
[EventCountry "ENG"]

1. e4 c5 2. d4 cxd4 3. c3 dxc3 4. Nxc3 Nc6 5. Nf3 e6 6. Bc4 Bb4 7. O-O Nge7 8. Bg5
O-O 9. a3 Bxc3 10. bxc3 h6 11. Bf4 d5 12. Bd3 Qa5 13. Qc2 dxe4 14. Bxe4 Bd7 15. Rfb1
b6 16. a4 Qa6 17. Ne5 Rad8 18. Nf3 Rc8 19. Rb5 Nf5 20. Rd1 Ncd4 21. Nxd4 Nxd4 22.
Rxd4 Bxb5 23. axb5 Qxb5 24. Bxh6 gxh6 25. Bh7+ Kg7 26. Rg4+ Kf6 27. h3 Qe5 28. Rg3
Rc4 29. Re3 Qa5 30. Qd2 Rfc8 31. Qd7 Rxc3 32. Qd4+ Ke7 33. Qh4+ Ke8 34. Re4 Qg5 35.
Qxg5 hxg5 36. Re2 a5 37. Rb2 Rb8 38. Be4 a4 39. Kf1 a3 40. Ra2 b5 41. Ke2 b4 42.
Kd2 Rd8+ 43. Ke2 Rb3  0-1

[Event "British Chess Championships 2023: PM Tournament U1750"]
[Site "The Venue, De Montfort University, 20 Western Boulevard, Leicester, LE2 7BU"]
[Date "2023.07.24"]
[Round "1"]
[Board "14"]
[White "Gilbert, David J"]
[Black "Scott, Jane"]
[Result "0-1"]
[WhiteElo "1603"]
[BlackElo "1477"]
[PlyCount "68"]
[EventDate "2023.07.24"]
[EventRounds "6"]
[EventCountry "ENG"]

1. c4 Nf6 2. Nc3 g6 3. e4 d6 4. d4 Bg7 5. Nf3 O-O 6. Be2 Nbd7 7. O-O e5 8. d5 Nc5
9. Qc2 a5 10. Bg5 h6 11. Bh4 g5 12. Bg3 Nh5 13. Nd2 Nf4 14. f3 f5 15. Bf2 h5 16.
Bxc5 dxc5 17. exf5 Bxf5 18. Nde4 Ra6 19. Qd2 Rg6 20. Rad1 g4 21. Ng3 Bh6 22. Qe1
Bc8 23. Bd3 Rg7 24. Be4 h4 25. Nge2 Qg5 26. Nxf4 Rxf4 27. Ne2 Rf8 28. Kh1 gxf3 29.
g3 fxe2 30. Rxf8+ Kxf8 31. Qxe2 hxg3 32. Rf1+ Kg8 33. Rg1 Qe3 34. Qg2 gxh2  0-1

[Event "British Chess Championships 2023: PM Tournament U1750"]
[Site "The Venue, De Montfort University, 20 Western Boulevard, Leicester, LE2 7BU"]
[Date "2023.07.24"]
[Round "1"]
[Board "15"]
[White "Jestico, John V"]
[Black "O Hanlon, Joseph"]
[Result "1/2-1/2"]
[WhiteElo "1466"]
[BlackElo "1597"]
[PlyCount "70"]
[EventDate "2023.07.24"]
[EventRounds "6"]
[EventCountry "ENG"]

1. c4 c5 2. Nc3 Nc6 3. g3 g6 4. Bg2 Bg7 5. Nf3 d6 6. O-O e5 7. d3 Nge7 8. e4 O-O
9. Be3 Be6 10. a3 Qd7 11. Kh1 Bh3 12. Ng1 Bxg2+ 13. Kxg2 f5 14. f4 Nd4 15. Nce2 fxe4
16. dxe4 Rf7 17. Nf3 Nec6 18. Nc3 Nxf3 19. Rxf3 Nd4 20. Rf2 Raf8 21. Nd5 Qe6 22.
Qd3 Re8 23. Raf1 Ref8 24. f5 gxf5 25. Bxd4 fxe4 26. Qxe4 cxd4 27. Rxf7 Rxf7 28. Rxf7
Qxf7 29. b3 Qe6 30. Qh4 e4 31. Nf4 Qf6 32. Qg4 e3 33. Qf3 Qf5 34. Qd5+ Kh8 35. Nh3
Be5  1/2-1/2

[Event "British Chess Championships 2023: PM Tournament U1750"]
[Site "The Venue, De Montfort University, 20 Western Boulevard, Leicester, LE2 7BU"]
[Date "2023.07.24"]
[Round "1"]
[Board "16"]
[White "Daly, Grant"]
[Black "Chu, Yin"]
[Result "1-0"]
[WhiteElo "1596"]
[BlackElo "1462"]
[PlyCount "55"]
[EventDate "2023.07.24"]
[EventRounds "6"]
[EventCountry "ENG"]

1. d4 Nf6 2. c4 e5 3. dxe5 Ng4 4. Nf3 Nc6 5. e3 Ngxe5 6. Nxe5 Nxe5 7. Be2 Bb4+ 8.
Bd2 Bxd2+ 9. Qxd2 Qh4 10. b3 d6 11. O-O Bg4 12. Nc3 Be6 13. Nb5 Qe7 14. Rad1 a6 15.
Nd4 O-O-O 16. Nxe6 fxe6 17. Qd4 Kb8 18. b4 Nc6 19. Qc3 Qf6 20. Qb3 Na7 21. b5 a5
22. b6 Nc6 23. bxc7+ Kxc7 24. Rb1 Rb8 25. Qb6+ Kc8 26. Bf3 Qd8 27. Qb2 g6 28. Bxc6
 1-0

[Event "British Chess Championships 2023: PM Tournament U1750"]
[Site "The Venue, De Montfort University, 20 Western Boulevard, Leicester, LE2 7BU"]
[Date "2023.07.24"]
[Round "1"]
[Board "17"]
[White "Yi, Louis"]
[Black "Morris, Nigel W"]
[Result "0-1"]
[WhiteElo "1443"]
[BlackElo "1596"]
[PlyCount "52"]
[EventDate "2023.07.24"]
[EventRounds "6"]
[EventCountry "ENG"]

1. e4 c5 2. Nc3 Nc6 3. Bb5 d6 4. Bxc6+ bxc6 5. d3 Nf6 6. h3 Rb8 7. Nf3 e5 8. O-O
h6 9. Re1 Be6 10. b3 Qd7 11. Bb2 g5 12. Nh2 h5 13. Qd2 Bh6 14. Qe2 Ke7 15. Nd1 Rbg8
16. Ne3 g4 17. h4 g3 18. Nf3 gxf2+ 19. Kxf2 Ng4+ 20. Nxg4 hxg4 21. Ng1 g3+ 22. Kf1
Bg4 23. Nf3 Bf4 24. Kg1 Rxh4 25. Qf1 Rh6 26. Bc1 Rgh8  0-1

[Event "British Chess Championships 2023: PM Tournament U1750"]
[Site "The Venue, De Montfort University, 20 Western Boulevard, Leicester, LE2 7BU"]
[Date "2023.07.24"]
[Round "1"]
[Board "18"]
[White "Pride, Stephen C"]
[Black "Smithson, Sean"]
[Result "0-1"]
[WhiteElo "1584"]
[BlackElo "1301"]
[PlyCount "66"]
[EventDate "2023.07.24"]
[EventRounds "6"]
[EventCountry "ENG"]

1. d4 Nf6 2. Bf4 g6 3. Nc3 d6 4. e4 Bg7 5. Qd2 O-O 6. O-O-O Nbd7 7. Nf3 c5 8. d5
a6 9. Bh6 b5 10. Bxg7 Kxg7 11. Re1 Ng4 12. h3 Nge5 13. Nxe5 dxe5 14. Be2 c4 15. d6
Nc5 16. dxe7 Qxe7 17. Nd5 Qb7 18. Bf3 Be6 19. Rd1 a5 20. Qe3 Rac8 21. h4 h6 22. g4
b4 23. g5 h5 24. Nf6 b3 25. axb3 cxb3 26. c3 a4 27. Kd2 Rfd8+ 28. Ke1 Rxd1+ 29. Bxd1
a3 30. bxa3 b2 31. Qf3 b1=Q 32. Nxh5+ Kf8 33. Qf6 Q7xe4+  0-1

[Event "British Chess Championships 2023: PM Tournament U1750"]
[Site "The Venue, De Montfort University, 20 Western Boulevard, Leicester, LE2 7BU"]
[Date "2023.07.25"]
[Round "2"]
[Board "1"]
[White "Foreman, Brian A"]
[Black "Daly, Grant"]
[Result "1/2-1/2"]
[WhiteElo "1744"]
[BlackElo "1596"]
[PlyCount "47"]
[EventDate "2023.07.24"]
[EventRounds "6"]
[EventCountry "ENG"]

1. d4 Nf6 2. Nf3 d5 3. c4 e6 4. Nc3 Bb4 5. Bg5 c5 6. Bxf6 Qxf6 7. e3 cxd4 8. exd4
dxc4 9. Bxc4 O-O 10. O-O b6 11. a3 Bxc3 12. bxc3 Bb7 13. Ne5 Rc8 14. Rc1 Qg5 15.
Nf3 Qa5 16. Qb3 Nc6 17. d5 exd5 18. Bxd5 Nd8 19. Rfe1 Bc6 20. Re7 Kf8 21. Bxc6 Rxc6
22. Re5 Rc5 23. Rxc5 Qxc5 24. Qb4  1/2-1/2

[Event "British Chess Championships 2023: PM Tournament U1750"]
[Site "The Venue, De Montfort University, 20 Western Boulevard, Leicester, LE2 7BU"]
[Date "2023.07.25"]
[Round "2"]
[Board "2"]
[White "Morris, Nigel W"]
[Black "Sugden, Freddie"]
[Result "0-1"]
[WhiteElo "1596"]
[BlackElo "1700"]
[PlyCount "50"]
[EventDate "2023.07.24"]
[EventRounds "6"]
[EventCountry "ENG"]

1. Nf3 Nf6 2. c4 g6 3. Nc3 Bg7 4. d4 O-O 5. e4 d6 6. Be2 Nbd7 7. Be3 Ng4 8. Bg5 h6
9. Bh4 c5 10. h3 cxd4 11. Nxd4 Nge5 12. Rc1 b6 13. f4 g5 14. fxg5 e6 15. Bf2 Qxg5
16. O-O Ng6 17. Nf3 Qe7 18. Bg3 Nde5 19. Qb3 Bb7 20. Rfd1 f5 21. exf5 Rxf5 22. Nxe5
Bxe5 23. Bxe5 Qg5 24. g4 Qe3+ 25. Kh2 Qf2#  0-1

[Event "British Chess Championships 2023: PM Tournament U1750"]
[Site "The Venue, De Montfort University, 20 Western Boulevard, Leicester, LE2 7BU"]
[Date "2023.07.25"]
[Round "2"]
[Board "3"]
[White "Li, Xiaofan"]
[Black "Cuthbert, Larissa"]
[Result "1-0"]
[WhiteElo "1673"]
[BlackElo "1542"]
[PlyCount "181"]
[EventDate "2023.07.24"]
[EventRounds "6"]
[EventCountry "ENG"]

1. e4 e6 2. d4 d5 3. exd5 exd5 4. Nf3 Bd6 5. h3 Ne7 6. Bd3 c5 7. c3 O-O 8. O-O c4
9. Bc2 b5 10. Re1 Bc7 11. Ne5 Bf5 12. Bxf5 Nxf5 13. Qg4 Qc8 14. Qf3 Ne7 15. Nxc4
bxc4 16. Rxe7 Qb7 17. Re2 Nd7 18. Na3 Rfe8 19. Be3 Re6 20. Nxc4 Rf6 21. Qg4 dxc4
22. d5 Rg6 23. Qxc4 Nf6 24. Rd1 Qc8 25. Qc6 Ne4 26. d6 Nxd6 27. Bf4 Nb5 28. Qxb5
Bxf4 29. Rd4 Bd6 30. Qd3 Qd8 31. Rd2 Qg5 32. Rg4 Qe5 33. Rxg6 Qe1+ 34. Qf1 Qxd2 35.
Rg4 Qxb2 36. Qd1 Be5 37. g3 Bxc3 38. Ra4 Re8 39. Qd7 Rb8 40. Qxa7 Qb1+ 41. Kh2 h6
42. Qe3 Qf1 43. Rf4 Bf6 44. h4 Rc8 45. Qf3 Qb1 46. Rxf6 Qxa2 47. Rxh6 Rc2 48. Qe3
Rxf2+ 49. Kg1 Rg2+ 50. Kf1 gxh6 51. Qe8+ Kg7 52. Qe5+ f6 53. Qe7+ Kg6 54. Qe4+ f5
55. Qxg2 Qb1+ 56. Kf2 Qc2+ 57. Kg1 Qd1+ 58. Kh2 Qd6 59. Qe2 Kf6 60. Qh5 Qd2+ 61.
Kh3 Qc1 62. Qf3 h5 63. Kg2 Qc2+ 64. Kg1 Qc1+ 65. Kf2 Qc2+ 66. Qe2 Qxe2+ 67. Kxe2
Ke6 68. Kf3 Ke5 69. Ke3 f4+ 70. gxf4+ Kd5 71. Kd3 Ke6 72. Ke4 Kf6 73. f5 Kf7 74.
Ke5 Kg7 75. Ke6 Kg8 76. Ke7 Kg7 77. f6+ Kg6 78. f7 Kf5 79. f8=Q+ Kg4 80. Qf1 Kg3
81. Qg1+ Kxh4 82. Qh2+ Kg4 83. Ke6 h4 84. Qg2+ Kf4 85. Qh3 Kg5 86. Ke5 Kg6 87. Qxh4
Kg7 88. Qf6+ Kg8 89. Qe7 Kh8 90. Kf6 Kg8 91. Qg7#  1-0

[Event "British Chess Championships 2023: PM Tournament U1750"]
[Site "The Venue, De Montfort University, 20 Western Boulevard, Leicester, LE2 7BU"]
[Date "2023.07.25"]
[Round "2"]
[Board "4"]
[White "Mccormick, Graeme S"]
[Black "Homer, Neil S"]
[Result "1-0"]
[WhiteElo "1523"]
[BlackElo "1648"]
[PlyCount "57"]
[EventDate "2023.07.24"]
[EventRounds "6"]
[EventCountry "ENG"]

1. e4 c6 2. g3 d5 3. Nc3 dxe4 4. Nxe4 Bf5 5. Bg2 Nd7 6. d3 Ngf6 7. Ne2 e6 8. O-O
Be7 9. h3 O-O 10. Nd4 Bg6 11. Be3 Nxe4 12. dxe4 Nf6 13. e5 Nd7 14. f4 Qc7 15. Qe2
Nc5 16. g4 Be4 17. c3 Bxg2 18. Qxg2 Nd7 19. Rae1 Bc5 20. b4 Bxd4 21. Bxd4 Nb6 22.
f5 Qd7 23. Qg3 Nd5 24. Qh4 exf5 25. gxf5 Ne7 26. Bc5 Rfe8 27. Bxe7 Qxe7 28. f6 Qe6
29. Qg5  1-0

[Event "British Chess Championships 2023: PM Tournament U1750"]
[Site "The Venue, De Montfort University, 20 Western Boulevard, Leicester, LE2 7BU"]
[Date "2023.07.25"]
[Round "2"]
[Board "5"]
[White "Veeturi, Yashvardhan"]
[Black "Tomy, Jake"]
[Result "1-0"]
[WhiteElo "1628"]
[BlackElo "1540"]
[PlyCount "43"]
[EventDate "2023.07.24"]
[EventRounds "6"]
[EventCountry "ENG"]

1. e4 e5 2. Nf3 Nc6 3. d4 exd4 4. Nxd4 Bc5 5. Nb3 Bb6 6. Nc3 Nf6 7. Qe2 d6 8. Be3
O-O 9. f3 Re8 10. O-O-O Bxe3+ 11. Qxe3 a5 12. a3 Be6 13. g4 Bxb3 14. cxb3 Qe7 15.
g5 Nd7 16. h4 Nc5 17. Nd5 Qd8 18. h5 Ne7 19. Nf6+ gxf6 20. gxf6 Ng6 21. hxg6 hxg6
22. Rh8+  1-0